[Event "InventiChess GM"]
[Site "Antwerp BEL"]
[Date "2008.08.30"]
[Round "8"]
[White "Michiels, B."]
[Black "Miroshnichenko, E."]
[Result "1/2-1/2"]
[WhiteElo "2442"]
[BlackElo "2593"]
[PlyCount "59"]
[EventDate "2008.08.23"]

1. e4 Nf6 2. e5 Nd5 3. d4 d6 4. Nf3 dxe5 5. Nxe5 c6 6. Bd3 Nd7 7. Nxd7 Bxd7 8.
O-O g6 9. Re1 Bg7 10. c3 O-O 11. Nd2 Qc7 12. Nf3 c5 13. Bg5 e6 14. Qd2 cxd4 15.
cxd4 Qb6 16. Be4 Nf6 17. Ne5 Nxe4 18. Rxe4 Bc6 19. Rh4 h5 20. Bh6 Qd8 21. Bxg7
Kxg7 22. Rh3 Rc8 23. Rc1 Bd5 24. Rxc8 Qxc8 25. Rxh5 gxh5 26. Qg5+ Kh7 27. Qxh5+
Kg7 28. Qg5+ Kh7 29. Qh5+ Kg7 30. Qg5+ 1/2-1/2

[Event "InventiChess GM"]
[Site "Antwerp BEL"]
[Date "2008.08.30"]
[Round "8"]
[White "Werle, J."]
[Black "Schebler, G."]
[Result "1-0"]
[WhiteElo "2591"]
[BlackElo "2453"]
[PlyCount "41"]
[EventDate "2008.08.23"]

1. d4 Nf6 2. c4 e6 3. Nc3 Bb4 4. e3 b6 5. Bd3 Bb7 6. Nge2 Bxg2 7. Rg1 Be4 8. a3
Bxd3 9. Qxd3 Bf8 10. e4 d6 11. Bg5 Nbd7 12. O-O-O h6 13. Qh3 Rg8 14. Be3 e5 15.
f4 Qe7 16. Nb5 O-O-O 17. Nxa7+ Kb7 18. Nb5 exf4 19. Nxf4 Qxe4 20. Nc3 Qc6 21.
d5 1-0

[Event "InventiChess GM"]
[Site "Antwerp BEL"]
[Date "2008.08.31"]
[Round "9"]
[White "Lahno, Kateri"]
[Black "Michiels, B."]
[Result "0-1"]
[WhiteElo "2507"]
[BlackElo "2442"]
[PlyCount "114"]
[EventDate "2008.08.23"]

1. e4 e6 2. d4 d5 3. e5 c5 4. c3 Nc6 5. Nf3 Bd7 6. Be2 Nge7 7. Na3 cxd4 8. cxd4
Nf5 9. Nc2 Qb6 10. O-O Rc8 11. Kh1 Na5 12. b3 Bb5 13. Bxb5+ Qxb5 14. Ne3 Nxe3
15. Bxe3 Be7 16. Ng5 O-O 17. Nh3 Qc6 18. Qg4 Qc2 19. Rac1 Qe4 20. Qe2 Ba3 21.
Rxc8 Rxc8 22. Qb5 b6 23. Qd7 Qc2 24. Qxa7 Qxa2 25. Qxb6 Nxb3 26. Qa6 Rc2 27.
Ng5 h6 28. Nxe6 fxe6 29. Qxe6+ Kh8 30. Qxd5 Nd2 31. Qxa2 Rxa2 32. Bxd2 Rxd2 33.
g3 Bb2 34. e6 Kg8 35. Re1 Kf8 36. d5 Rxd5 37. Re2 Bc3 38. h4 Rd2 39. Re3 Bd4
40. Rf3+ Ke7 41. Kg2 Kxe6 42. Rf4 Ke5 43. Rf7 Ke4 44. Rf4+ Kd3 45. Kf1 Ra2 46.
Rf3+ Kc4 47. Kg2 Ra6 48. Kh3 Rf6 49. Rxf6 Bxf6 50. Kg4 Kd3 51. Kf3 Bd4 52. h5
Bb6 53. g4 Bc5 54. g5 hxg5 55. Kg4 Bxf2 56. Kxg5 Be3+ 57. Kg6 Bh6 0-1